|
|
|
|
| LEADER |
00000cam a22000004a 4500 |
| 001 |
musev2_99233 |
| 003 |
MdBmJHUP |
| 005 |
20230905053417.0 |
| 006 |
m o d |
| 007 |
cr||||||||nn|n |
| 008 |
201029t20212021oru o 00 0 eng d |
| 020 |
|
|
|a 9781564848512
|
| 020 |
|
|
|z 9781564848536
|
| 040 |
|
|
|a MdBmJHUP
|c MdBmJHUP
|
| 100 |
1 |
|
|a Donally, Jaime,
|e author.
|
| 245 |
1 |
4 |
|a The Immersive Classroom :
|b Create Customized Learning Experiences with AR/VR /
|c Jaime Donally.
|
| 264 |
|
1 |
|a Portland :
|b International Society for Technology in Education,
|c [2021]
|
| 264 |
|
3 |
|a Baltimore, Md. :
|b Project MUSE,
|c 0000
|
| 264 |
|
4 |
|c ©[2021]
|
| 300 |
|
|
|a 1 online resource:
|b illustrations
|
| 336 |
|
|
|a text
|b txt
|2 rdacontent
|
| 337 |
|
|
|a computer
|b c
|2 rdamedia
|
| 338 |
|
|
|a online resource
|b cr
|2 rdacarrier
|
| 505 |
0 |
|
|a Chapter 1. Benefits of immersive technology in education -- chapter 2. How to use immersive technology to personalize learning -- chapter 3. App hacking -- chapter 4. App smashing -- chapter 5. Personalized devices -- chapter 6. AR/VR in the classroom : personalized experiences -- chapter 7. AR/VR in the classroom : immersive activities to inspire learning -- chapter 8. Personalized experiences for all students -- chapter 9. Personalizing professional development.
|
| 520 |
|
|
|a This book helps educators discover the possibilities of immersive technology to deepen student engagement; activate learning through hunts, breakouts and labs; and explore global collaboration.
|
| 588 |
|
|
|a Description based on print version record.
|
| 650 |
|
7 |
|a Educational technology.
|2 fast
|0 (OCoLC)fst00903623
|
| 650 |
|
7 |
|a Educational change.
|2 fast
|0 (OCoLC)fst00903371
|
| 650 |
|
7 |
|a Computer-assisted instruction.
|2 fast
|0 (OCoLC)fst00872725
|
| 650 |
|
0 |
|a Computer-assisted instruction.
|
| 650 |
|
0 |
|a Educational change.
|
| 650 |
|
0 |
|a Educational technology.
|
| 655 |
|
7 |
|a Electronic books.
|2 local
|
| 710 |
2 |
|
|a Project Muse.
|e distributor
|
| 830 |
|
0 |
|a Book collections on Project MUSE.
|
| 856 |
4 |
0 |
|z Texto completo
|u https://projectmuse.uam.elogim.com/book/99233/
|
| 945 |
|
|
|a Project MUSE - Custom Collection
|